[Event "Russian Rapid GP 2015"]
[Site "Khanty-Mansiysk RUS"]
[Date "2015.12.13"]
[Round "1"]
[White "Dordzhieva, Dinara"]
[Black "Bocharov, Dmitry"]
[Result "0-1"]
[WhiteTitle "WIM"]
[BlackTitle "GM"]
[WhiteElo "2230"]
[BlackElo "2558"]
[WhiteFideId "24157570"]
[BlackFideId "4138716"]
[EventDate "2015.12.13"]

1. Nf3 c5 2. c4 Nc6 3. Nc3 g6 4. e3 Bg7 5. d4 Nf6 6. d5 Na5 7. e4 O-O 8. Bd3 d6
9. h3 a6 10. a4 Qb6 11. O-O Nb3 12. a5 Nxa5 13. Na4 Qc7 14. Bd2 Nxc4 15. Bxc4 b5
16. Bd3 bxa4 17. Qxa4 Bd7 18. Qc2 Bb5 19. Bc3 Qb7 20. Nd2 Rfb8 21. Rfe1 Nd7 22.
Bxg7 Kxg7 23. b3 Ne5 24. Bf1 g5 25. Ra3 f6 26. Rea1 Kh8 27. Qa2 Rg8 28. Bxb5
Qxb5 29. Rxa6 Rab8 30. Ra7 Rbe8 31. Qa6 Qb4 32. Qe2 g4 33. hxg4 Rxg4 34. Nc4
Reg8 35. f3 Rxg2+ 36. Qxg2 Nxf3+ 37. Kh1 Rxg2 38. Kxg2 Nh4+ 39. Kf2 Ng6 40. R1a4
Qc3 41. Ra8+ Kg7 42. R8a7 Qd4+ 43. Kf1 Qxe4 44. Nxd6 Qf3+ 45. Ke1 Qg3+ 0-1

[Event "Russian Rapid GP 2015"]
[Site "Khanty-Mansiysk RUS"]
[Date "2015.12.13"]
[Round "1"]
[White "Anikonov, Dmitry"]
[Black "Pridorozhni, Aleksei"]
[Result "0-1"]
[WhiteTitle "FM"]
[BlackTitle "GM"]
[WhiteElo "2370"]
[BlackElo "2563"]
[WhiteFideId "24178012"]
[BlackFideId "4127870"]
[EventDate "2015.12.13"]

1. d4 d6 2. Nf3 Bg4 3. Nbd2 Nd7 4. c3 c6 5. h3 Bh5 6. e4 e5 7. Bd3 Ngf6 8. O-O
Be7 9. Re1 O-O 10. Nf1 Re8 11. Ng3 Bg6 12. Qc2 Bf8 13. Nh4 d5 14. Nxg6 hxg6 15.
exd5 Nxd5 16. Bd2 exd4 17. Rxe8 Qxe8 18. Re1 Qd8 19. cxd4 Qb6 20. Bc3 Nb4 21.
Bxb4 Qxb4 22. Rd1 Nb6 23. a3 Qe7 24. Ne4 Rd8 25. Bf1 Qd7 26. Nc3 Be7 27. a4 Bf6
28. a5 Nd5 29. Nxd5 Qxd5 30. a6 b5 31. Rc1 Rd6 32. Be2 Bxd4 33. Bf3 Qe5 34. Bxc6
Bxb2 35. Rb1 Bd4 36. Bxb5 Rf6 37. Bd3 Rxf2 38. Qc8+ Kh7 39. Kh1 Qg3 40. Qg4 Rxg2
41. Qxg3 Rxg3 42. Bc4 f5 43. Rd1 Bb6 44. Bf1 Ra3 45. Rd2 g5 46. Kg2 g6 47. Bc4
Kg7 48. Rd7+ Kf6 49. Rd6+ Ke5 50. Rxg6 Kf4 51. Re6 Rg3+ 52. Kh2 Bg1+ 53. Kh1 Bd4
54. Kh2 Rc3 55. Bf1 Be5 56. Re7 Bd6 57. Re6 Rc2+ 58. Kh1 Rd2 59. Rg6 Bc5 60. Re6
Be3 61. Rf6 Ke5 0-1

[Event "Russian Rapid GP 2015"]
[Site "Khanty-Mansiysk RUS"]
[Date "2015.12.13"]
[Round "1"]
[White "Alekseev, Evgeny"]
[Black "Belous, Vladimir"]
[Result "1-0"]
[WhiteTitle "GM"]
[BlackTitle "GM"]
[WhiteElo "2642"]
[BlackElo "2557"]
[WhiteFideId "4138147"]
[BlackFideId "4174003"]
[EventDate "2015.12.13"]

1. e4 c5 2. Nf3 Nc6 3. d4 cxd4 4. Nxd4 e5 5. Nb5 d6 6. c4 g6 7. Bd3 Be6 8. O-O
a6 9. N5c3 Bg7 10. Nd5 Nge7 11. Be3 O-O 12. Nd2 Nd4 13. Bg5 f6 14. Be3 Nec6 15.
Nb3 Rc8 16. Re1 Kh8 17. Rc1 f5 18. exf5 Nxf5 19. Bb6 Qg5 20. Be4 Nfd4 21. Nxd4
exd4 22. f4 Qh6 23. Bf3 Bf5 24. Bg4 g5 25. Bxf5 Rxf5 26. g4 Rxf4 27. Nxf4 gxf4
28. Re4 Rf8 29. Rc2 Qg6 30. Re1 f3 31. Rf2 Qxg4+ 32. Kh1 Be5 33. Ref1 Qh3 34.
Qd3 Rf4 35. Qd1 Ne7 36. Rg1 Nf5 37. Qa4 Ng7 38. Rg3 Qh5 39. Qd1 Nf5 40. Rgxf3
Rh4 41. Qe2 d3 42. Rxd3 Qxe2 43. Rxe2 Ng3+ 44. Rxg3 Bxg3 45. b3 Be5 46. Bc7 Bf4
47. Rg2 Rh5 48. Kg1 Rf5 49. Re2 Kg7 50. Kg2 Rh5 51. h3 Rg5+ 52. Kf3 Be5 53. c5
Rg3+ 54. Ke4 Kf6 55. Bxd6 Bxd6 56. cxd6 Rg8 57. Kd5 Rg5+ 58. Kd4 Rg1 59. Kc5
Rc1+ 60. Kb6 Rc6+ 61. Kxb7 Rxd6 62. b4 h5 63. Re3 Kf5 64. a4 Kf4 65. Rb3 Ke4 66.
b5 axb5 67. axb5 Kd4 68. b6 Kc5 69. Ka7 Rd1 70. b7 Kd5 1-0

[Event "Russian Rapid GP 2015"]
[Site "Khanty-Mansiysk RUS"]
[Date "2015.12.13"]
[Round "1"]
[White "Shomoev, Anton"]
[Black "Evdokimov, Alexander A."]
[Result "1/2-1/2"]
[WhiteTitle "GM"]
[BlackTitle "GM"]
[WhiteElo "2561"]
[BlackElo "2490"]
[WhiteFideId "4135148"]
[BlackFideId "4139275"]
[EventDate "2015.12.13"]

1. e4 c6 2. d4 d5 3. Nc3 dxe4 4. Nxe4 Nd7 5. Ng5 Ngf6 6. Bd3 e6 7. N1f3 Bd6 8.
Qe2 h6 9. Ne4 Nxe4 10. Qxe4 Nf6 11. Qe2 Qc7 12. Bd2 b6 13. O-O-O Bb7 14. Kb1 Rc8
15. Rhe1 Ke7 16. c4 Rhd8 17. Bc3 Kf8 18. Ne5 c5 19. dxc5 Bxc5 20. Bc2 Rxd1+ 21.
Rxd1 Rd8 22. Rxd8+ Qxd8 23. f4 Ne4 24. Be1 Nf6 25. a3 Qd4 26. g3 Qg1 27. Ka2 Ke7
28. Ba4 Kf8 29. Bc6 Bxc6 30. Nxc6 a5 31. Bc3 Kg8 32. Bxf6 gxf6 33. Qd2 Qf1 34.
Qc2 Kg7 35. Qe4 Qf2 36. g4 Qxh2 37. f5 Qd6 38. Kb3 Qd1+ 39. Ka2 Qd6 40. Kb3 exf5
41. gxf5 h5 42. Qg2+ Kf8 43. Qf3 h4 44. Ka4 h3 45. b4 axb4 46. axb4 Bg1 47. Kb5
h2 48. Qh5 Kg7 49. Qg4+ Kf8 50. Qh5 Kg7 51. Qg4+ Kf8 52. Qh5 Kg7 1/2-1/2

[Event "Russian Rapid GP 2015"]
[Site "Khanty-Mansiysk RUS"]
[Date "2015.12.13"]
[Round "2"]
[White "Ubiennykh, Ekaterina"]
[Black "Girya, Olga"]
[Result "1-0"]
[WhiteTitle "WIM"]
[BlackTitle "WGM"]
[WhiteElo "2283"]
[BlackElo "2456"]
[WhiteFideId "4137582"]
[BlackFideId "4195752"]
[EventDate "2015.12.13"]

1. d4 d5 2. c4 c6 3. Nf3 Nf6 4. Nc3 e6 5. Bg5 Nbd7 6. e3 Qa5 7. Nd2 Bb4 8. Qc2
O-O 9. Be2 c5 10. O-O cxd4 11. Nb3 Qd8 12. Nxd4 Bxc3 13. bxc3 dxc4 14. Bxc4 Qc7
15. Be2 b6 16. Nb5 Qc5 17. Bh4 a6 18. Nd4 Bb7 19. Rfd1 Rac8 20. c4 Ne5 21. Rac1
Ne4 22. f3 Ng6 23. Be1 Nf6 24. Rb1 Rfd8 25. Bf2 e5 26. Nb3 Qc7 27. e4 Nf4 28.
Bf1 Rxd1 29. Rxd1 h5 30. Qd2 Bc6 31. Qd6 Qxd6 32. Rxd6 Ne8 33. Rd2 Rb8 34. c5
bxc5 35. Bxa6 Nc7 36. Bc4 Nce6 37. Be3 Ba4 38. g3 Ng6 39. Bxe6 fxe6 40. Nxc5
Rb1+ 41. Kf2 Bb5 42. Nxe6 h4 43. gxh4 Nxh4 44. Ng5 Kf8 45. Kg3 Ng6 46. Rd8+ Ke7
47. Rb8 Bd3 48. Rxb1 Bxb1 49. a4 Bd3 50. h4 Kf6 51. Nh3 Nf8 52. Nf2 Ba6 53. Bc5
Ng6 54. Ng4+ Ke6 55. Be3 Ne7 56. h5 Ng8 57. Bg5 Bc4 58. Kf2 Ba6 59. Ke3 Bf1 60.
a5 Kd6 61. Kd2 Ba6 62. Ne3 Bb5 63. Nf5+ Ke6 64. Nxg7+ Kf7 65. Nf5 Ba6 66. Ne3
Nf6 67. Bxf6 Kxf6 68. Nd5+ Kg5 69. Nc7 1-0

[Event "Russian Rapid GP 2015"]
[Site "Khanty-Mansiysk RUS"]
[Date "2015.12.13"]
[Round "2"]
[White "Belous, Vladimir"]
[Black "Maletin, Pavel"]
[Result "1-0"]
[WhiteTitle "GM"]
[BlackTitle "GM"]
[WhiteElo "2557"]
[BlackElo "2577"]
[WhiteFideId "4174003"]
[BlackFideId "4146786"]
[EventDate "2015.12.13"]

1. c4 c6 2. Nf3 d5 3. e3 Nf6 4. d4 Bg4 5. h3 Bh5 6. cxd5 Bxf3 7. Qxf3 cxd5 8.
Nc3 Nc6 9. Bd3 e6 10. O-O Be7 11. Rd1 O-O 12. Bf1 Rc8 13. Bd2 Na5 14. Be1 Nc4
15. Qe2 Bb4 16. Rac1 Qe7 17. a3 Ba5 18. b3 Bxc3 19. Bxc3 Nd6 20. Bb4 Qd7 21. a4
h6 22. Qb2 Rfd8 23. Qa3 Nfe8 24. Bd3 a6 25. Bc5 Rc6 26. Qa1 Rdc8 27. Ba3 Ne4 28.
f3 Ng3 29. Rxc6 Rxc6 30. Rc1 Nf5 31. Rxc6 Qxc6 32. Qe1 Qc7 33. Qb4 Nf6 34. Qf8+
Kh7 35. Bc5 b6 36. Qd6 Qxd6 37. Bxd6 Kg8 38. Bc7 Nd7 39. Bxa6 Nxe3 40. Bb5 1-0

[Event "Russian Rapid GP 2015"]
[Site "Khanty-Mansiysk RUS"]
[Date "2015.12.13"]
[Round "2"]
[White "Smirnov, Pavel"]
[Black "Alekseev, Evgeny"]
[Result "1/2-1/2"]
[WhiteTitle "GM"]
[BlackTitle "GM"]
[WhiteElo "2595"]
[BlackElo "2642"]
[WhiteFideId "4123425"]
[BlackFideId "4138147"]
[EventDate "2015.12.13"]

1. d4 Nf6 2. c4 e6 3. g3 d5 4. Bg2 Bb4+ 5. Bd2 Be7 6. Nf3 O-O 7. O-O c6 8. Qc2
b6 9. Rd1 Bb7 10. b3 Ne4 11. Bc1 Nd7 12. Bb2 Rc8 13. Nc3 Nxc3 14. Bxc3 Nf6 15.
Ne5 Qc7 16. Rac1 c5 17. dxc5 Bxc5 18. Qb2 1/2-1/2

[Event "Russian Rapid GP 2015"]
[Site "Khanty-Mansiysk RUS"]
[Date "2015.12.13"]
[Round "2"]
[White "Dordzhieva, Dinara"]
[Black "Anikonov, Dmitry"]
[Result "0-1"]
[WhiteTitle "WIM"]
[BlackTitle "FM"]
[WhiteElo "2230"]
[BlackElo "2370"]
[WhiteFideId "24157570"]
[BlackFideId "24178012"]
[EventDate "2015.12.13"]

1. Nf3 d6 2. d4 Nf6 3. c4 g6 4. Nc3 Bf5 5. g3 Ne4 6. Bg2 Nxc3 7. bxc3 Be4 8. O-O
Bg7 9. Bh3 Bxf3 10. exf3 O-O 11. Rb1 b6 12. Bg5 h6 13. Be3 Nd7 14. Re1 Nf6 15.
f4 e6 16. Qa4 d5 17. cxd5 exd5 18. f5 g5 19. f3 Re8 20. Bf1 c6 21. Qxc6 Rc8 22.
Qa4 Rxc3 23. Bf2 Rxf3 24. Rxe8+ Qxe8 25. Qxa7 Rxf2 0-1

[Event "Russian Rapid GP 2015"]
[Site "Khanty-Mansiysk RUS"]
[Date "2015.12.13"]
[Round "3"]
[White "Anikonov, Dmitry"]
[Black "Bocharov, Dmitry"]
[Result "1-0"]
[WhiteTitle "FM"]
[BlackTitle "GM"]
[WhiteElo "2370"]
[BlackElo "2558"]
[WhiteFideId "24178012"]
[BlackFideId "4138716"]
[EventDate "2015.12.13"]

1. d4 Nf6 2. c4 e6 3. Nf3 b6 4. a3 Ba6 5. Qc2 Bb7 6. Nc3 c5 7. e4 cxd4 8. Nxd4
d6 9. Be2 Be7 10. O-O a6 11. Be3 Nbd7 12. Rfd1 Rc8 13. f3 Qc7 14. Rac1 Qb8 15.
Bf1 h5 16. Qf2 h4 17. b4 Bd8 18. Nb3 Bc7 19. Kh1 h3 20. g3 Ne5 21. Be2 Ba8 22.
Kg1 O-O 23. Bd4 Rfe8 24. Bxe5 dxe5 25. Qf1 Bd6 26. Qxh3 a5 27. Nb5 Bf8 28. bxa5
bxa5 29. a4 Qb6+ 30. Kf1 Red8 31. Rxd8 Qxd8 32. Qg2 Nd7 33. Rd1 Qe7 34. Qf2 Qb4
35. Qa7 Nc5 36. Nxc5 Bxc5 37. Qd7 Rf8 38. Nc7 Bd4 39. Nb5 Bc5 40. Qc7 Be7 41.
Rd7 Qb1+ 42. Rd1 Qb4 43. Rd7 Bg5 44. Qxe5 Bf6 45. Qd6 Qxa4 46. Qa3 Qxa3 47. Nxa3
Rc8 48. Nb5 Bc6 49. Ra7 Ra8 50. Rxa8+ Bxa8 51. Ke1 Kf8 52. Kd2 Ke7 53. Kc2 Kd7
54. Kb3 Be7 55. e5 Bc5 56. Ka4 Bb6 57. Nd6 Bc6+ 58. Nb5 Bg1 59. h3 Bb6 60. Bd1
Bc7 61. g4 g5 62. Be2 Bb6 63. Kb3 Bc5 64. Ka4 Bb4 65. Kb3 Ke7 66. Nd4 Bd7 67.
Nb5 f6 68. exf6+ Kxf6 69. Bd3 Bc6 70. Nd4 Bb7 71. Be4 Bxe4 72. fxe4 Ke5 73. Nc6+
Kxe4 74. Nxb4 axb4 75. Kxb4 e5 76. c5 Kf3 77. c6 e4 78. c7 1-0

[Event "Russian Rapid GP 2015"]
[Site "Khanty-Mansiysk RUS"]
[Date "2015.12.13"]
[Round "3"]
[White "Alekseev, Evgeny"]
[Black "Pridorozhni, Aleksei"]
[Result "0-1"]
[WhiteTitle "GM"]
[BlackTitle "GM"]
[WhiteElo "2642"]
[BlackElo "2563"]
[WhiteFideId "4138147"]
[BlackFideId "4127870"]
[EventDate "2015.12.13"]

1. e4 e6 2. d4 d5 3. Nc3 dxe4 4. Nxe4 Bd7 5. Nf3 Bc6 6. Bd3 Nd7 7. O-O Ngf6 8.
Ned2 Be7 9. Nc4 Bb5 10. Nfe5 Bxc4 11. Nxc4 O-O 12. Qf3 Nd5 13. c3 Bf6 14. Rd1 a5
15. a4 g6 16. Bc2 Bg7 17. g3 c6 18. h4 Qc7 19. Bg5 Rae8 20. Re1 f5 21. Bd2 c5
22. dxc5 Nxc5 23. Rad1 Kh8 24. Bc1 b6 25. h5 gxh5 26. Qxh5 Nf6 27. Qe2 Nfe4 28.
Bf4 e5 29. Be3 Re6 30. Rd5 f4 31. Bxe4 Nxe4 32. Bxb6 fxg3 33. fxg3 Rxb6 34. Qxe4
Rg6 35. Rd3 Qc5+ 36. Rde3 Rxg3+ 37. Kh2 Rg5 38. R1e2 Rf4 39. Qa8+ Bf8 40. Rg3
Rxg3 41. Kxg3 Qxc4 0-1

[Event "Russian Rapid GP 2015"]
[Site "Khanty-Mansiysk RUS"]
[Date "2015.12.13"]
[Round "3"]
[White "Maletin, Pavel"]
[Black "Smirnov, Pavel"]
[Result "1-0"]
[WhiteTitle "GM"]
[BlackTitle "GM"]
[WhiteElo "2577"]
[BlackElo "2595"]
[WhiteFideId "4146786"]
[BlackFideId "4123425"]
[EventDate "2015.12.13"]

1. d4 e6 2. Nf3 Nf6 3. c4 d5 4. g3 Be7 5. Bg2 O-O 6. O-O c6 7. Qc2 b6 8. b3 Bb7
9. Rd1 Nbd7 10. Nc3 Ba6 11. Bb2 dxc4 12. bxc4 Bxc4 13. Ne5 Nxe5 14. dxe5 Nd5 15.
Ne4 b5 16. Nd6 Bxd6 17. exd6 f6 18. e4 Nb4 19. Qd2 a5 20. Bc3 Qd7 21. Bxb4 axb4
22. Qxb4 Rxa2 23. Rxa2 Bxa2 24. Qc5 Bb3 25. Rd2 e5 26. h4 Be6 27. Kh2 Rb8 28.
Qb4 c5 29. Qxc5 b4 30. Bf1 b3 31. Bc4 b2 32. Qc7 b1=Q 33. Qxd7 Bxc4 34. Qc7 Be6
35. d7 h5 36. Qxb8+ Qxb8 37. d8=Q+ Qxd8 38. Rxd8+ Kf7 39. Ra8 Bc4 40. Ra7+ Kg6
41. f3 Bd3 42. Kg2 Bc4 43. Kf2 Be6 44. Ke3 Bc8 45. Re7 Bh3 46. f4 exf4+ 47. gxf4
Kh6 48. Rc7 Bg4 49. Kd4 Kg6 50. e5 fxe5+ 51. fxe5 Be6 52. Ke4 Bg4 53. Kd5 1-0

[Event "Russian Rapid GP 2015"]
[Site "Khanty-Mansiysk RUS"]
[Date "2015.12.13"]
[Round "3"]
[White "Shomoev, Anton"]
[Black "Belous, Vladimir"]
[Result "0-1"]
[WhiteTitle "GM"]
[BlackTitle "GM"]
[WhiteElo "2561"]
[BlackElo "2557"]
[WhiteFideId "4135148"]
[BlackFideId "4174003"]
[EventDate "2015.12.13"]

1. e4 c5 2. Nf3 e6 3. d4 cxd4 4. Nxd4 Nc6 5. Nc3 a6 6. Be2 Nf6 7. Nxc6 bxc6 8.
e5 Nd5 9. Ne4 Qc7 10. Nd6+ Bxd6 11. exd6 Qa5+ 12. Bd2 Qb6 13. c4 Nf6 14. Bc3 Ne4
15. Qd4 Qxd4 16. Bxd4 Nxd6 17. Bxg7 Rg8 18. Be5 Nf5 19. g4 d6 20. Bf6 Rg6 21.
Bc3 Nh4 22. O-O-O e5 23. Rhg1 c5 24. Rg3 Ke7 25. f3 Be6 26. Rh3 Ng2 27. Rxh7 Ne3
28. Re1 Bxc4 29. Bxc4 Nxc4 30. b3 Nb6 31. f4 Nd5 32. Bd2 Nf6 33. Rh4 Rxg4 34.
Rxg4 Nxg4 35. h3 Nf2 36. Re2 Nxh3 37. fxe5 d5 38. Rh2 Rh8 39. b4 cxb4 40. Bxb4+
Ke6 41. Bc3 Rh4 42. Kc2 d4 43. Bxd4 Rxd4 44. Rxh3 Kxe5 45. Kc3 f5 46. Re3+ Re4
47. Kd3 Rxe3+ 48. Kxe3 a5 49. a4 Kd5 50. Kf4 Kc4 51. Kxf5 Kb4 52. Ke4 Kxa4 53.
Kd3 Kb3 54. Kd2 Kb2 0-1

[Event "Russian Rapid GP 2015"]
[Site "Khanty-Mansiysk RUS"]
[Date "2015.12.13"]
[Round "3"]
[White "Girya, Olga"]
[Black "Evdokimov, Alexander A."]
[Result "0-1"]
[WhiteTitle "WGM"]
[BlackTitle "GM"]
[WhiteElo "2456"]
[BlackElo "2490"]
[WhiteFideId "4195752"]
[BlackFideId "4139275"]
[EventDate "2015.12.13"]

1. e4 c6 2. d4 d5 3. Nc3 dxe4 4. Nxe4 Nd7 5. Ng5 Ngf6 6. Bd3 e6 7. Qe2 Bd6 8.
N1f3 h6 9. Ne4 Nxe4 10. Qxe4 Nf6 11. Qe2 Qc7 12. Bd2 b6 13. O-O-O Bb7 14. Kb1
O-O-O 15. c4 Kb8 16. Bc3 Rhe8 17. Rhe1 c5 18. Bc2 cxd4 19. Nxd4 a6 20. g3 Ka7
21. Rd2 Rc8 22. Nb3 Be7 23. Bd3 Red8 24. a4 a5 25. Nd4 Ka8 26. Nb5 Qc6 27. b3
Bc5 28. Kb2 Qf3 29. Qxf3 Bxf3 30. Be5 Kb7 31. Kc2 Bc6 32. h3 Rd7 33. f4 Rcd8 34.
Nc3 Bb4 35. Ree2 Nh5 36. g4 Ng3 37. Rh2 f6 38. f5 fxe5 39. fxe6 Rd4 40. e7 Bxe7
41. Nb5 Bxb5 42. cxb5 Bb4 0-1

[Event "Russian Rapid GP 2015"]
[Site "Khanty-Mansiysk RUS"]
[Date "2015.12.13"]
[Round "4"]
[White "Bocharov, Dmitry"]
[Black "Ubiennykh, Ekaterina"]
[Result "1/2-1/2"]
[WhiteTitle "GM"]
[BlackTitle "WIM"]
[WhiteElo "2558"]
[BlackElo "2283"]
[WhiteFideId "4138716"]
[BlackFideId "4137582"]
[EventDate "2015.12.13"]

1. Nf3 Nf6 2. c4 g6 3. d4 Bg7 4. g3 O-O 5. Bg2 d6 6. O-O Nbd7 7. Nc3 c6 8. e4 e5
9. h3 Re8 10. Re1 exd4 11. Nxd4 Nc5 12. Bf4 Nh5 13. Be3 a5 14. Nb3 Be6 15. Qc2
Qc8 16. g4 Nxb3 17. axb3 Nf6 18. Rad1 h5 19. f3 d5 20. e5 Nd7 21. cxd5 cxd5 22.
f4 hxg4 23. hxg4 Bxg4 24. Rxd5 Nf8 25. Qf2 Bh3 26. Bf3 Bg4 27. Bh1 Rd8 28. Qg3
Be6 29. Rb5 Rd7 30. Ne4 Qc2 31. Qf2 Rc8 32. Nc5 Qxf2+ 33. Kxf2 Rdc7 34. Bxb7 Rb8
35. Bc6 Rxb5 36. Bxb5 g5 37. Nxe6 fxe6 38. Bc4 a4 39. Re2 axb3 40. Bxb3 gxf4 41.
Bxf4 Kf7 42. Bg3 Ng6 43. Bd1 Rc1 44. Bc2 Nxe5 45. Bf4 Ng4+ 46. Kf3 Rg1 47. Bb3
Nf6 48. Bxe6+ Ke7 49. Kf2 Ra1 50. b4 Kd8 51. Bf5 Rd1 52. Kf3 Nd5 53. Bd2 Bc3 54.
Bg5+ Kc7 55. Be4 Bxb4 56. Rc2+ Kd6 57. Rc8 Rf1+ 58. Kg2 Rf7 59. Rd8+ Rd7 60. Rb8
Bc5 61. Rh8 Rg7 62. Rh6+ Ke5 63. Rg6 Rxg6 64. Bxg6 Nf4+ 65. Bxf4+ 1/2-1/2

[Event "Russian Rapid GP 2015"]
[Site "Khanty-Mansiysk RUS"]
[Date "2015.12.13"]
[Round "4"]
[White "Smirnov, Pavel"]
[Black "Shomoev, Anton"]
[Result "1/2-1/2"]
[WhiteTitle "GM"]
[BlackTitle "GM"]
[WhiteElo "2595"]
[BlackElo "2561"]
[WhiteFideId "4123425"]
[BlackFideId "4135148"]
[EventDate "2015.12.13"]

1. e4 e5 2. Nf3 Nc6 3. Bb5 a6 4. Ba4 Nf6 5. O-O Be7 6. Bxc6 dxc6 7. d3 Nd7 8.
Nbd2 O-O 9. Nc4 f6 10. Nh4 Nc5 11. Nf5 Re8 12. Qg4 Bf8 13. Nh6+ Kh8 14. Nf7+ Kg8
15. Nh6+ 1/2-1/2

[Event "Russian Rapid GP 2015"]
[Site "Khanty-Mansiysk RUS"]
[Date "2015.12.13"]
[Round "4"]
[White "Pridorozhni, Aleksei"]
[Black "Maletin, Pavel"]
[Result "1-0"]
[WhiteTitle "GM"]
[BlackTitle "GM"]
[WhiteElo "2563"]
[BlackElo "2577"]
[WhiteFideId "4127870"]
[BlackFideId "4146786"]
[EventDate "2015.12.13"]

1. e4 e5 2. Nc3 Nf6 3. g3 Nc6 4. Bg2 Bc5 5. d3 O-O 6. Nge2 Nd4 7. O-O d6 8. h3
c6 9. Na4 Nxe2+ 10. Qxe2 Bb4 11. f4 Qa5 12. Nc3 exf4 13. gxf4 Qh5 14. Be3 Re8
15. Rae1 Qxe2 16. Rxe2 d5 17. Bd4 dxe4 18. Bxf6 gxf6 19. Nxe4 Kg7 20. f5 Ba5 21.
h4 Bb6+ 22. Kh1 Bd4 23. c3 Be5 24. Bh3 b6 25. Rg1+ Kf8 26. d4 Bf4 27. Rg8+ Kxg8
28. Nxf6+ Kg7 29. Nxe8+ Kf8 30. Nf6 Ba6 31. Nd7+ Kg7 32. f6+ Kh6 33. Re4 Bd6 34.
Ne5 Bxe5 35. dxe5 c5 36. Kh2 Bb7 37. Rg4 Re8 38. Rg5 Bd5 39. a3 Be4 40. Kg3 Bg6
41. Kf4 Rd8 42. Bf5 Rd2 43. Bxg6 hxg6 44. Rg3 Rxb2 45. Rd3 Rf2+ 46. Ke3 Rf1 47.
Rd7 Re1+ 48. Kf4 g5+ 49. hxg5+ Kg6 50. Rxa7 Rf1+ 51. Ke4 Re1+ 52. Kd5 Rd1+ 53.
Kc6 Re1 54. Re7 Kxg5 55. Kxb6 Re3 56. c4 Rxa3 57. Rxf7 1-0

[Event "Russian Rapid GP 2015"]
[Site "Khanty-Mansiysk RUS"]
[Date "2015.12.13"]
[Round "4"]
[White "Dordzhieva, Dinara"]
[Black "Alekseev, Evgeny"]
[Result "0-1"]
[WhiteTitle "WIM"]
[BlackTitle "GM"]
[WhiteElo "2230"]
[BlackElo "2642"]
[WhiteFideId "24157570"]
[BlackFideId "4138147"]
[EventDate "2015.12.13"]

1. Nf3 c5 2. c4 Nc6 3. Nc3 Nf6 4. d4 cxd4 5. Nxd4 Qb6 6. Nc2 e6 7. g3 Ne5 8. b3
Qc6 9. f3 Bc5 10. Bg2 O-O 11. Na4 Be7 12. O-O d5 13. Bb2 Qc7 14. cxd5 exd5 15.
Rc1 Nc6 16. Nd4 Re8 17. Qd3 Bd7 18. Nf5 Bxf5 19. Qxf5 Rad8 20. Rfd1 Qa5 21. Kh1
g6 22. Qf4 d4 23. Bxd4 Nh5 24. Qe4 Bf6 25. Bc3 Bxc3 26. Rxd8 Qxd8 0-1

[Event "Russian Rapid GP 2015"]
[Site "Khanty-Mansiysk RUS"]
[Date "2015.12.13"]
[Round "5"]
[White "Alekseev, Evgeny"]
[Black "Anikonov, Dmitry"]
[Result "1/2-1/2"]
[WhiteTitle "GM"]
[BlackTitle "FM"]
[WhiteElo "2642"]
[BlackElo "2370"]
[WhiteFideId "4138147"]
[BlackFideId "24178012"]
[EventDate "2015.12.13"]

1. d4 d6 2. e4 Nf6 3. Bd3 e5 4. c3 g6 5. Nf3 Nc6 6. O-O Bg7 7. Re1 O-O 8. Nbd2
Re8 9. Bb5 exd4 10. cxd4 Bd7 11. h3 a6 12. Bf1 Na7 13. e5 Nd5 14. Ne4 h6 15. Qb3
Be6 16. Qxb7 Qd7 17. Qxa6 Nc6 18. Qe2 Bf5 19. Ng3 Be6 20. Bd2 Ncb4 21. Bxb4 Nxb4
22. a3 Nc6 23. Qe4 dxe5 24. Nxe5 Nxe5 25. dxe5 Bd5 26. Qd4 Qe6 27. f4 f6 28.
Rad1 c6 29. exf6 Qxf6 30. Rxe8+ Rxe8 31. Qxf6 Bxf6 32. Rd2 Re1 33. Ne2 Bc4 34.
Kf2 Rb1 35. Rd6 Bxb2 36. Rxg6+ Kh7 37. Rxc6 Bb5 38. Rc7+ Kh8 39. a4 Bxa4 40. g4
Bb5 41. Bg2 Bf6 42. Rc8+ Kg7 43. Rc7+ Kh8 44. Rc2 Rb3 45. Bf3 Ba6 46. Rc6 Rxf3+
47. Kxf3 Bb7 48. Ke3 Bxc6 49. Nd4 Bxd4+ 50. Kxd4 Bg2 51. h4 Bh3 52. g5 h5 53.
Ke5 Kg7 54. f5 Kf7 55. Kf4 Bg4 56. Ke5 Bh3 1/2-1/2

[Event "Russian Rapid GP 2015"]
[Site "Khanty-Mansiysk RUS"]
[Date "2015.12.13"]
[Round "5"]
[White "Maletin, Pavel"]
[Black "Dordzhieva, Dinara"]
[Result "1-0"]
[WhiteTitle "GM"]
[BlackTitle "WIM"]
[WhiteElo "2577"]
[BlackElo "2230"]
[WhiteFideId "4146786"]
[BlackFideId "24157570"]
[EventDate "2015.12.13"]

1. Nf3 d6 2. d4 f5 3. c4 Nf6 4. Nc3 g6 5. e3 Bg7 6. Be2 O-O 7. O-O c6 8. b4 Nbd7
9. Qb3 Kh8 10. Bb2 e5 11. c5 e4 12. Ng5 Nd5 13. Nxd5 cxd5 14. Ne6 Nxc5 15. Nxc5
dxc5 16. dxc5 d4 17. Bxd4 Bxd4 18. Rad1 Qf6 19. Rxd4 Be6 20. Bc4 Bxc4 21. Qxc4
Rad8 22. Rxd8 Rxd8 23. b5 Rc8 24. g3 Kg7 25. Rd1 Rc7 26. h4 Kh6 27. Kg2 Kg7 28.
a4 Kh6 29. Rd5 Kg7 30. Qd4 Qxd4 31. exd4 Kf6 32. Rd6+ Ke7 33. a5 Rc8 34. f3 e3
35. Kf1 f4 36. gxf4 Rf8 37. Ke2 Rxf4 38. Kxe3 Rxh4 39. a6 1-0

[Event "Russian Rapid GP 2015"]
[Site "Khanty-Mansiysk RUS"]
[Date "2015.12.13"]
[Round "5"]
[White "Shomoev, Anton"]
[Black "Pridorozhni, Aleksei"]
[Result "1/2-1/2"]
[WhiteTitle "GM"]
[BlackTitle "GM"]
[WhiteElo "2561"]
[BlackElo "2563"]
[WhiteFideId "4135148"]
[BlackFideId "4127870"]
[EventDate "2015.12.13"]

1. e4 e6 2. d4 d5 3. Nc3 dxe4 4. Nxe4 Bd7 5. Nf3 Bc6 6. Bd3 Nd7 7. O-O Ngf6 8.
Ng3 g6 9. b3 Bg7 10. Ba3 Bf8 11. Bb2 Bg7 12. c4 O-O 13. Re1 b6 14. Qe2 Bb7 15.
Rad1 Qc8 16. h4 c5 17. h5 Re8 18. Ne5 cxd4 19. Bxd4 Nxe5 20. Bxe5 Qc6 21. f3
Qc5+ 22. Kf1 gxh5 23. Qb2 h4 24. Bxf6 hxg3 25. Bxg7 Qf2+ 26. Qxf2 gxf2 27. Kxf2
Kxg7 28. Rh1 h6 29. Ke3 Red8 30. Rh4 Rd6 31. Bc2 Rxd1 32. Bxd1 Rd8 33. Bc2 Rd7
34. f4 Re7 35. g3 e5 36. f5 Rd7 37. b4 Rc7 38. Bd3 Rc8 39. Rh2 Rd8 40. Rc2 Rd4
41. a3 Rg4 42. Kf2 Rd4 43. Ke3 Rg4 44. Kf2 Rd4 45. Ke3 1/2-1/2

[Event "Russian Rapid GP 2015"]
[Site "Khanty-Mansiysk RUS"]
[Date "2015.12.13"]
[Round "5"]
[White "Girya, Olga"]
[Black "Belous, Vladimir"]
[Result "0-1"]
[WhiteTitle "WGM"]
[BlackTitle "GM"]
[WhiteElo "2456"]
[BlackElo "2557"]
[WhiteFideId "4195752"]
[BlackFideId "4174003"]
[EventDate "2015.12.13"]

1. d4 Nf6 2. c4 g6 3. Nc3 Bg7 4. e4 d6 5. Nf3 O-O 6. Be2 Na6 7. O-O e5 8. Be3
Ng4 9. Bg5 Qe8 10. dxe5 dxe5 11. Qc1 f5 12. h3 Nf6 13. exf5 gxf5 14. Re1 e4 15.
Nd4 Nh5 16. Ndb5 c6 17. Nd6 Qg6 18. Be7 Be6 19. Bxf8 Rxf8 20. Nxb7 Kh8 21. c5
Rg8 22. Bxh5 Qxh5 23. Ne2 Be5 24. Ng3 Qg6 25. Nd6 Nb4 26. Ndxe4 fxe4 27. Rxe4
Bxg3 28. Qc3+ Rg7 29. Rxb4 Be5 30. Qf3 Bd5 31. Qg4 Qf6 32. Re1 Rxg4 33. hxg4 a5
34. Rb7 Qf4 0-1